| 000 | 00515nam a2200193 a 4500 | ||
|---|---|---|---|
| 001 | 1773825107475 | ||
| 003 | YourLibrary | ||
| 005 | 20260318144535.0 | ||
| 008 | 260318s2010##################000#0#eng## | ||
| 020 | _a9780123815064 | ||
| 082 | 0 | 4 | _a362.1969HAM |
| 100 | 1 |
_aHamer, Davidson, _eauthor. |
|
| 245 | 1 | 0 | _aPublic Health and Infectious Diseases : |
| 260 |
_bElsevier Science Limited, _c2010. |
||
| 300 | _a487 pages | ||
| 650 | 0 | _aMedical. | |
| 942 | _cENGLISH | ||
| 040 |
_aYourLibrary _beng _cYourLibrary |
||
| 999 |
_c617871 _d617871 |
||